[Event "DRUZYNOWE MISTRZOSTWA POLSKI - II LIGA 2018"]
[Site "Jastrzebia Gora"]
[Date "1899-12-30"]
[Round "7.40"]
[White "Malecki, Rafal"]
[Black "Augustyn, Sebastian"]
[Result "1-0"]
[WhiteTitle "k+"]
[BlackTitle "k"]
[WhiteElo "2030"]
[BlackElo "2173"]

1. Nf3 c5 2. g3 Nc6 3. Bg2 g6 4. O-O Bg7 5. d3 d6 6. e4 e6 7. a4 Nge7 8. c3 O-O
9. Na3 Rb8 10. Be3 b6 11. Qd2 d5 12. Bh6 dxe4 13. dxe4 Qxd2 14. Bxd2 Ba6 15. Rfe1
Na5 16. Bf4 Rbd8 17. Rad1 Nec6 18. Bc7 Rd3 19. Bf1 Rxd1 20. Rxd1 Bxf1 21. Kxf1
Rc8 22. Rd7 h6 23. Nb5 Ra8 24. Nd2 a6 25. Nd6 Ne5 26. Rd8+ Rxd8 27. Bxd8 Nd7 28.
Nc8 Nb7 29. Bxb6 Kf8 30. Nc4 Nxb6 31. N8xb6 Ke7 32. Ke2 Kd8 33. Nd2 Kc7 34. Nbc4
Kc6 35. Kd3 f5 36. exf5 exf5 37. Nf3 g5 38. h4 g4 39. Nfd2 h5 40. Ne3 f4 41. Nf5
fxg3 42. fxg3 Bf8 43. Ke4 c4 44. Nd4+ Kd7 45. Nxc4 Nc5+ 46. Kf5 Nxa4 47. Kg6 Bd6
48. Kxh5 Bxg3 49. Kxg4 Be1 50. Nf3 Nxb2 51. Nxb2 Bxc3 52. Nd1 Bf6 53. h5 Ke6 54.
Ne3 a5 55. Kf4 a4 56. Ng5+ Kd7 57. Nd5 Bd4 58. Ke4 a3 59. Nb4 Bb2 60. Kd5 Ke7
61. Ne4 Kf7 62. Kc4 Kg7 63. Ng3 Be5 64. Nf5+ Kf6 65. Nh6 Kg5 1-0

[Event "DRUZYNOWE MISTRZOSTWA POLSKI - II LIGA 2018"]
[Site "Jastrzebia Gora"]
[Date "1899-12-30"]
[Round "7.41"]
[White "Czarnecki, Wojciech"]
[Black "Szajda, Marcin"]
[Result "1-0"]
[WhiteTitle "k"]
[BlackTitle "I++"]
[WhiteElo "1971"]
[BlackElo "1995"]

1. d4 Nf6 2. c4 e6 3. Nc3 Bb4 4. Nf3 O-O 5. Qc2 d5 6. cxd5 exd5 7. Bg5 Nc6 8. e3
Bg4 9. Ne5 Nxe5 10. dxe5 d4 11. exf6 Qd5 12. Bh4 Rfe8 13. a3 dxe3 14. f3 Bxc3+
15. bxc3 Bf5 16. Qb2 e2 17. Bxe2 Bd3 18. O-O-O Re3 19. Bf2 Qg5 20. Bxe3 Qxe3+
21. Qd2 Qxe2 22. Qxd3 Qa2 23. Qd8+ 1-0

[Event "DRUZYNOWE MISTRZOSTWA POLSKI - II LIGA 2018"]
[Site "Jastrzebia Gora"]
[Date "1899-12-30"]
[Round "7.42"]
[White "Chmiel, Dominika"]
[Black "Pedrak, Paulina"]
[Result "1-0"]
[WhiteTitle "m"]
[BlackTitle "I"]
[WhiteElo "2098"]
[BlackElo "1416"]

1. e4 c5 2. Nf3 a6 3. d4 cxd4 4. Nxd4 Qc7 5. Nc3 e6 6. a3 Nf6 7. Be2 Be7 8. O-O
d6 9. Be3 Nbd7 10. f4 b6 11. Bf3 Bb7 12. Qe1 g6 13. Rd1 Nc5 14. e5 dxe5 15. fxe5
Nd5 16. Nxd5 exd5 17. Qf2 O-O 18. Bh6 Rfe8 19. Qg3 Bf8 20. Bf4 Ne6 21. Nxe6 fxe6
22. c3 Bg7 23. h4 Rf8 24. h5 gxh5 25. Bxh5 Bc6 26. Rf2 Be8 27. Bg4 Qe7 28. Qh3
Bf7 29. Rdf1 Rae8 30. Be2 b5 31. Bd3 Bg6 32. Bxg6 hxg6 33. Qg3 Rf5 34. Qxg6 Ref8
35. Be3 Rxf2 36. Rxf2 Rxf2 37. Kxf2 Qf7+ 38. Qxf7+ Kxf7 39. Bf4 Kg6 40. Kf3 Bf8
41. g4 Be7 42. Ke3 Bc5+ 43. Kd3 Be7 44. Kd4 Bf8 45. Bc1 Be7 46. b3 a5 47. c4 bxc4
48. bxc4 dxc4 49. Kxc4 Bd8 50. Kb5 Bc7 51. Bf4 Kf7 52. Kc6 Bd8 53. Be3 Bh4 54.
Bb6 Be7 55. Bc5 Bg5 56. Kd7 Bf4 57. Bd6 Bd2 58. a4 Be3 59. Bc7 Bd2 60. g5 Bxg5
61. Bxa5 Be3 62. Bc7 Ba7 63. a5 Bd4 64. Bb8 Bc5 65. a6 Bb6 66. a7 1-0

[Event "DRUZYNOWE MISTRZOSTWA POLSKI - II LIGA 2018"]
[Site "Jastrzebia Gora"]
[Date "1899-12-30"]
[Round "7.43"]
[White "Borgula, Rafal"]
[Black "Bednarek, Sylwester"]
[Result "1/2-1/2"]
[WhiteTitle "FM"]
[BlackTitle "FM"]
[WhiteElo "2243"]
[BlackElo "2336"]

1. d4 Nf6 2. Nf3 g6 3. g3 Bg7 4. Bg2 O-O 5. O-O d6 6. c4 c6 7. Nc3 Qb6 8. b3 Qa6
9. Bb2 b5 10. cxb5 cxb5 11. a4 b4 12. Na2 Bb7 13. Nxb4 Qb6 14. Nd3 a5 15. Re1
Ne4 16. Nd2 Nxd2 17. Bxb7 Qxb7 18. Qxd2 Qxb3 19. Ra3 Qb6 20. d5 Bxb2 21. Qxb2
Qxb2 22. Nxb2 Nd7 23. Rb3 Nf6 24. e4 Rfc8 25. Re2 g5 26. h3 Kf8 27. Kg2 Nd7 28.
Rb5 Rc3 29. Nd1 Rc4 30. Nb2 Rd4 31. f3 f6 32. Rc2 Nc5 33. Kf1 Kf7 34. g4 h5 35.
Ke2 Rb4 36. Nc4 hxg4 37. hxg4 Nxa4 38. Rxb4 axb4 39. Nd2 Nc5 40. Rb2 b3 41. Rb1
Rb8 42. Nc4 Rb4 43. Nb2 e6 44. Ke3 exd5 45. exd5 Kg6 46. Ra1 f5 47. gxf5+ Kxf5
48. Ra8 Ke5 49. Rg8 Kxd5 50. Rxg5+ Kc6 51. Rg4 Rb8 52. Kd4 Rf8 53. f4 Re8 54.
f5 Re2 55. Nc4 b2 56. Rg1 d5 57. Nxb2 Rd2+ 58. Kc3 Ne4+ 59. Kb3 Rf2 60. Nd3 Rf3
61. Kc2 Rxf5 62. Rg6+ Kb5 63. Rg8 Kc4 64. Rb8 Kd4 65. Rh8 Rf7 66. Rc8 Rh7 67.
Nb4 Rh2+ 68. Kc1 Rh1+ 69. Kc2 Rh2+ 70. Kc1 Nd6 71. Nc2+ Ke5 72. Rg8 Nc4 73. Re8+
Kd6 74. Rd8+ Kc5 75. Rc8+ Kb6 76. Nb4 Ne3 77. Nc2 Kb7 78. Rc5 Rh1+ 79. Kd2 Nc4+
1/2-1/2

[Event "DRUZYNOWE MISTRZOSTWA POLSKI - II LIGA 2018"]
[Site "Jastrzebia Gora"]
[Date "1899-12-30"]
[Round "7.44"]
[White "Tomczak, Rafal"]
[Black "Robak, Zbigniew"]
[Result "1-0"]
[WhiteTitle "FM"]
[BlackTitle "m"]
[WhiteElo "2361"]
[BlackElo "2216"]

1. e4 c5 2. Nf3 e6 3. d4 cxd4 4. Nxd4 Nc6 5. Nc3 Qc7 6. Be3 a6 7. Qd2 Nf6 8. f3
Ne5 9. a3 Nc4 10. Bxc4 Qxc4 11. g4 h6 12. h4 b5 13. Nce2 Bb7 14. O-O-O Rc8 15.
Kb1 b4 16. g5 hxg5 17. hxg5 Rxh1 18. Rxh1 Nxe4 19. fxe4 Bxe4 20. b3 Qd5 21. Rh8
Bxc2+ 22. Nxc2 Qxb3+ 23. Kc1 bxa3 24. Bd4 a2 25. Bb2 Qa3 26. Nc3 Qa5 27. Nxa2
Qxa2 28. Qd6 Rxc2+ 29. Kxc2 Qa4+ 30. Kc1 Qc4+ 31. Kd2 1-0

[Event "DRUZYNOWE MISTRZOSTWA POLSKI - II LIGA 2018"]
[Site "Jastrzebia Gora"]
[Date "1899-12-30"]
[Round "7.45"]
[White "Konieczynski, Piotr"]
[Black "Lisowski, Krzysztof"]
[Result "0-1"]
[WhiteTitle "I++"]
[BlackTitle "k"]
[WhiteElo "1884"]
[BlackElo "2061"]

1. d4 Nf6 2. Nf3 e6 3. c4 d5 4. Nc3 dxc4 5. e3 a6 6. a4 c5 7. Bxc4 Nc6 8. O-O cxd4
9. exd4 Nb4 10. Qe2 Be7 11. Bg5 O-O 12. Rfd1 Nbd5 13. Nxd5 exd5 14. Bb3 Be6 15.
Ne5 Qb6 16. Qd3 Rfc8 17. Rdc1 h6 18. Be3 Bb4 19. h3 Ba5 20. Rxc8+ Rxc8 21. Rc1
Rxc1+ 22. Bxc1 Qb4 23. Nf3 Ne4 24. Bc2 Bb6 25. Qb3 Qxb3 26. Bxb3 Nd6 27. Kf1 Nf5
28. Be3 Nxe3+ 29. fxe3 f5 30. Ke2 g5 31. Ne5 Kf8 32. Nd3 Ke7 33. Nc5 Bxc5 34.
dxc5 Kf6 35. Bc2 a5 36. Bd3 Ke5 37. Bb5 h5 38. h4 gxh4 39. Be8 d4 40. c6 bxc6
41. Bxc6 Bd5 42. Be8 Bxg2 43. exd4+ Kxd4 44. Bxh5 Bc6 45. Kf2 Bxa4 46. Bf3 Bc2
47. Kg1 Be4 0-1

[Event "DRUZYNOWE MISTRZOSTWA POLSKI - II LIGA 2018"]
[Site "Jastrzebia Gora"]
[Date "1899-12-30"]
[Round "7.46"]
[White "Migala, Andrzej"]
[Black "Paliwoda, Borys"]
[Result "1/2-1/2"]
[WhiteTitle "k"]
[BlackTitle "I"]
[WhiteElo "2015"]
[BlackElo "1883"]

1. e4 c5 2. Nf3 e6 3. c3 Nf6 4. e5 Nd5 5. g3 d6 6. exd6 Bxd6 7. Bg2 O-O 8. d4 Nc6
9. O-O Bd7 10. dxc5 Bxc5 11. c4 Nb6 12. Qe2 Qe7 13. Nc3 Rfd8 14. b3 Nd4 15. Nxd4
Bxd4 16. Bb2 Bc6 17. Bxc6 bxc6 18. Rad1 c5 19. Nb5 Bxb2 20. Qxb2 a6 21. Nc3 Qb7
22. Qe2 Qc7 23. Qe3 e5 24. Rfe1 f6 25. f3 Rd4 26. Ne2 Rd6 27. Rxd6 Qxd6 28. Nc3
Qd4 29. Kf2 Rd8 30. Ne4 Nd7 31. Nc3 Nb6 32. Rh1 1/2-1/2

[Event "DRUZYNOWE MISTRZOSTWA POLSKI - II LIGA 2018"]
[Site "Jastrzebia Gora"]
[Date "1899-12-30"]
[Round "7.47"]
[White "Katafiasz, Tomasz"]
[Black "Rak, Tomasz"]
[Result "0-1"]
[WhiteTitle "I+"]
[BlackTitle "k"]
[WhiteElo "1919"]
[BlackElo "2018"]

1. Nf3 Nf6 2. d4 d5 3. g3 Nbd7 4. Bg2 e6 5. O-O Bd6 6. c4 c6 7. Nc3 O-O 8. e4 dxe4
9. Ng5 h6 10. Ngxe4 Bc7 11. Qe2 Nxe4 12. Nxe4 e5 13. d5 f5 14. dxc6 bxc6 15. Nc3
e4 16. Be3 Ne5 17. Rad1 Qe8 18. Bc5 Rf6 19. f3 Be6 20. b3 Bf7 21. Qc2 exf3 22.
Bxf3 Nxf3+ 23. Rxf3 f4 24. g4 Rg6 25. Kh1 Rxg4 26. Qf5 Rg5 27. Qd7 Bh5 28. Rff1
Bxd1 29. Qxc7 Bf3+ 0-1

[Event "DRUZYNOWE MISTRZOSTWA POLSKI - II LIGA 2018"]
[Site "Jastrzebia Gora"]
[Date "1899-12-30"]
[Round "7.48"]
[White "Dabrowska, Krystyna"]
[Black "Weglarz, Joanna"]
[Result "1/2-1/2"]
[WhiteTitle "WGM"]
[BlackTitle "k"]
[WhiteElo "2201"]
[BlackElo "1942"]

1. e4 c5 2. Nf3 e6 3. d4 cxd4 4. Nxd4 a6 5. Nc3 Qc7 6. g3 b5 7. Bg2 Bb7 8. O-O
Nf6 9. a3 Nc6 10. Nxc6 Qxc6 11. Qe2 d6 12. f4 Be7 13. Be3 Qc4 14. Qxc4 bxc4 15.
h3 Nd7 16. Rfe1 O-O 17. Rad1 Rab8 18. Bf1 Rfc8 19. Kh2 Ba8 20. Bc1 Nb6 21. Bg2
Bc6 22. Rd2 Rd8 23. Rde2 Bf8 24. Nd1 Na4 25. c3 Nc5 26. Nf2 Na4 27. g4 Rb7 28.
f5 Rdb8 29. Nd1 Nc5 30. Nf2 Na4 31. Nd1 Nc5 1/2-1/2

[Event "DRUZYNOWE MISTRZOSTWA POLSKI - II LIGA 2018"]
[Site "Jastrzebia Gora"]
[Date "1899-12-30"]
[Round "7.49"]
[White "Jedynak, Radoslaw"]
[Black "Karpus, Michal"]
[Result "1-0"]
[WhiteTitle "GM"]
[BlackTitle "FM"]
[WhiteElo "2353"]
[BlackElo "2382"]

1. d4 Nf6 2. c4 e6 3. Nc3 Bb4 4. Qc2 d5 5. cxd5 exd5 6. Qa4+ Nc6 7. Bg5 Bd7 8.
Qd1 Ne4 9. Bxd8 Nxc3 10. Qb3 Ne4+ 11. Kd1 Nxf2+ 12. Kc1 Kxd8 13. Qf3 Nxh1 14.
g3 Nxd4 15. Qxd5 c5 16. Qxh1 Kc7 17. Bg2 Rhe8 18. a3 Nb3+ 19. Kb1 Bd2 20. Bd5
Nxa1 21. Kxa1 Be3 22. Nf3 Rad8 23. Bxf7 Re7 24. Bb3 Bb5 25. Nh4 g6 26. Ng2 c4
27. Nxe3 Rxe3 28. Bd1 Kb8 29. Qe1 Ka8 30. Kb1 Bc6 31. Kc1 Re6 32. Qc3 Be4 33.
Qg7 h5 34. h4 Bf5 35. Qc7 Ree8 36. Qf7 c3 37. bxc3 Re3 38. Qf6 Rc8 39. Kd2 Rxg3
40. Bb3 a6 41. Bd5 Rc7 42. Qd8+ Rc8 43. Qb6 1-0

[Event "DRUZYNOWE MISTRZOSTWA POLSKI - II LIGA 2018"]
[Site "Jastrzebia Gora"]
[Date "1899-12-30"]
[Round "7.50"]
[White "Krainski, Aleksander"]
[Black "Pazderski, Ziemowit"]
[Result "1/2-1/2"]
[WhiteTitle "FM"]
[BlackTitle "k+"]
[WhiteElo "2185"]
[BlackElo "2239"]

1. Nf3 Nf6 2. d4 d5 3. e3 c5 4. dxc5 e6 5. a3 a5 6. c4 Bxc5 7. b3 Nc6 8. Bb2 O-O
9. Nc3 Qe7 10. cxd5 Rd8 11. d6 Rxd6 12. Qc2 e5 13. Bc4 Be6 14. Bxe6 Rxe6 15. Ne4
Nxe4 16. Qxe4 Bd4 17. O-O-O Bc5 18. Rd5 Bxa3 19. Rhd1 Rc8 20. Kb1 Bxb2 21. Kxb2
Nb4 22. Rd7 Qc5 23. Ng5 Qc3+ 24. Ka3 Nc2+ 25. Ka2 Nb4+ 26. Ka3 Nc2+ 27. Ka2 Nb4+
1/2-1/2

[Event "DRUZYNOWE MISTRZOSTWA POLSKI - II LIGA 2018"]
[Site "Jastrzebia Gora"]
[Date "1899-12-30"]
[Round "7.51"]
[White "Maciaga, Marcin"]
[Black "Krainski, Slawomir"]
[Result "1-0"]
[WhiteTitle "k+"]
[BlackTitle "k"]
[WhiteElo "2117"]
[BlackElo "2098"]

1. c4 e6 2. Nf3 d5 3. d4 Nf6 4. g3 dxc4 5. Bg2 a6 6. a4 Nc6 7. O-O Rb8 8. a5 b5
9. axb6 cxb6 10. Bf4 Bd6 11. Ne5 Ne7 12. e4 O-O 13. Bg5 h6 14. Bxf6 gxf6 15. Nxc4
Bc7 16. Nc3 b5 17. Ne3 Bb6 18. d5 e5 19. Qh5 Kg7 20. Ng4 Rh8 21. Nxe5 fxe5 22.
Qxe5+ Kh7 23. Qxb8 Bc7 24. Qa8 Qd6 25. e5 Qxe5 26. Rfe1 Qd6 27. Qa7 Nf5 28. Rac1
1-0

[Event "DRUZYNOWE MISTRZOSTWA POLSKI - II LIGA 2018"]
[Site "Jastrzebia Gora"]
[Date "1899-12-30"]
[Round "7.52"]
[White "Szczesniak, Andrzej"]
[Black "Choroszej, Aleksander"]
[Result "1-0"]
[WhiteTitle "k"]
[BlackTitle "k"]
[WhiteElo "1934"]
[BlackElo "2054"]

1. d4 g6 2. c4 Bg7 3. e4 d6 4. Nc3 Nf6 5. Be2 O-O 6. Nf3 e5 7. Be3 Ng4 8. Bg5 f6
9. Bh4 g5 10. Bg3 Nh6 11. dxe5 dxe5 12. Qd5+ Nf7 13. Qxd8 Rxd8 14. h4 g4 15. Nd2
Nc6 16. Nb3 Nd4 17. Nxd4 Rxd4 18. Nb5 Rxe4 19. Nxc7 Rb8 20. f3 Rxe2+ 21. Kxe2
Nd8 22. Ne8 Nc6 23. Nxg7 Kxg7 24. Rad1 Be6 25. b3 Rg8 26. f4 exf4 27. Bxf4 Kg6
28. Rd6 Kf7 29. g3 Re8 30. Kf2 Ne7 31. Rhd1 Ng6 32. Rd8 Re7 33. Bd6 Re8 34. Rxe8
Kxe8 35. Ke3 Bd7 36. Kd4 Bc6 37. Re1+ Kf7 38. b4 a6 39. Kc5 Bf3 40. b5 axb5 41.
cxb5 1-0

[Event "DRUZYNOWE MISTRZOSTWA POLSKI - II LIGA 2018"]
[Site "Jastrzebia Gora"]
[Date "1899-12-30"]
[Round "7.53"]
[White "Krasiewicz, Robert"]
[Black "Karbowiak, Adam"]
[Result "0-1"]
[WhiteTitle "k+"]
[BlackTitle "k+"]
[WhiteElo "1965"]
[BlackElo "2059"]

1. c4 Nf6 2. g3 c5 3. Bg2 g6 4. Nc3 Bg7 5. d3 O-O 6. e4 Nc6 7. Nge2 d6 8. O-O a6
9. h3 Rb8 10. a4 Nd4 11. Nxd4 cxd4 12. Ne2 Nd7 13. b4 a5 14. Bb2 e5 15. Qd2 axb4
16. Qxb4 Nc5 17. Ra3 Ra8 18. a5 Ra6 19. Rb1 Bd7 20. Bc1 Qc7 21. Bd2 Rb8 22. Nc1
b6 23. Ra2 Rb7 24. axb6 Raxb6 25. Ra8+ Bf8 26. Qxb6 Rxb6 27. Ba5 Qb7 28. Rxf8+
Kxf8 29. Bxb6 Kg7 30. Rb4 Na4 31. Ba5 Qa6 32. Nb3 Nc5 33. Rb6 Qa7 34. Nxc5 dxc5
35. Rd6 Be6 36. Bb6 Qa1+ 37. Kh2 Qd1 38. Bxc5 Qxd3 39. f4 Qxc4 40. Rc6 Qe2 41.
fxe5 Bxh3 0-1

[Event "DRUZYNOWE MISTRZOSTWA POLSKI - II LIGA 2018"]
[Site "Jastrzebia Gora"]
[Date "1899-12-30"]
[Round "7.54"]
[White "Pacuszka, Wioletta"]
[Black "Andrejczuk, Beata"]
[Result "0-1"]
[WhiteTitle "I++"]
[BlackTitle "WFM"]
[WhiteElo "1902"]
[BlackElo "2057"]

1. e4 d5 2. exd5 Qxd5 3. Nc3 Qa5 4. d4 c6 5. Nf3 Nf6 6. Bc4 Bg4 7. Bd2 Qc7 8. Qe2
Nbd7 9. h3 Bh5 10. g4 Bg6 11. O-O-O e6 12. Ne5 Bb4 13. f4 O-O-O 14. h4 Nb6 15.
h5 Bxc3 16. Bxc3 Be4 17. Rh3 Bd5 18. Ba5 Bxc4 19. Nxc4 Qxf4+ 20. Kb1 Rxd4 21.
Nxb6+ axb6 22. Bxb6 Qxg4 23. Qxg4 Rxg4 24. Ra3 Kb8 25. Bc5 Ne4 26. Bb6 Nf6 27.
Bc5 b5 28. Bd6+ Kb7 29. Bc5 Ra8 30. Rad3 Nd5 31. Rf3 f6 32. b3 Kc7 33. Kb2 b4
34. Rfd3 Ra5 35. Bf8 c5 36. h6 gxh6 37. Bxh6 Rg8 38. Re1 Kd6 39. Bf4+ Kd7 40.
Rh1 Kc6 41. Rh4 Rga8 42. Bg3 Rxa2+ 43. Kc1 R8a7 44. Rg4 e5 45. Bf2 Ra1+ 46. Kd2
Rf1 47. Ke2 Raa1 48. Rc4 Nf4+ 0-1

[Event "DRUZYNOWE MISTRZOSTWA POLSKI - II LIGA 2018"]
[Site "Jastrzebia Gora"]
[Date "1899-12-30"]
[Round "7.56"]
[White "Helis, Tadeusz"]
[Black "Daniel, Damian"]
[Result "1/2-1/2"]
[WhiteTitle "FM"]
[BlackTitle "k"]
[WhiteElo "2182"]
[BlackElo "2174"]

1. d4 Nf6 2. Nf3 e6 3. Bg5 h6 4. Bh4 b6 5. e3 Bb7 6. Nbd2 d6 7. c3 g5 8. Bg3 g4
9. Ng1 h5 10. h3 Rg8 11. hxg4 hxg4 12. Ne2 Nbd7 13. Qa4 c5 14. Bh4 Be7 15. Ng3
Qc7 16. O-O-O Bc6 17. Bb5 Bxg2 18. Rhg1 Bb7 19. Bxf6 Bxf6 20. Nde4 Bxe4 21. Nxe4
Be7 22. dxc5 bxc5 23. Nxc5 Qxc5 24. Bxd7+ Kd8 25. Bb5 g3 26. fxg3 Qxe3+ 27. Kb1
Qb6 28. Bc4 Rg4 29. Qb3 Qxb3 30. Bxb3 Kd7 31. Rgf1 f5 32. Rde1 Rg6 33. Ba4+ Kc7
34. Bb3 Kd7 35. Ba4+ Kc7 36. Bb3 1/2-1/2

[Event "DRUZYNOWE MISTRZOSTWA POLSKI - II LIGA 2018"]
[Site "Jastrzebia Gora"]
[Date "1899-12-30"]
[Round "7.57"]
[White "Kowalczuk, Wojciech"]
[Black "Walkusz, Witoslaw"]
[Result "1/2-1/2"]
[WhiteTitle "k"]
[BlackTitle "FM"]
[WhiteElo "2058"]
[BlackElo "2128"]

1. e4 e5 2. Nf3 Nc6 3. d4 exd4 4. Nxd4 Bc5 5. Be3 Qf6 6. c3 Nge7 7. Bc4 Ne5 8.
Be2 Qg6 9. O-O d6 10. f3 O-O 11. Kh1 d5 12. Bf4 Qf6 13. Bg3 Rd8 14. Nd2 Bb6 15.
b4 N7c6 16. exd5 Rxd5 17. Ne4 Qd8 18. Nxc6 Nxc6 19. Qb3 a5 20. Bc4 a4 21. Qc2
Rh5 22. Rad1 Qf8 23. Bf4 Be6 24. Bxe6 fxe6 25. Bg3 Ne7 26. Bf2 Bxf2 27. Qxf2 b6
28. c4 Nc6 29. a3 Qf4 30. Qg3 Qxg3 31. Nxg3 Rh4 32. Ne4 Ne5 33. c5 Rf8 34. Rfe1
Nc4 35. Rd3 b5 36. Ng5 e5 37. Ne4 Rhf4 38. Kg1 h6 39. Re2 R4f7 40. Rc2 Re7 41.
Nd2 Nxd2 42. Rcxd2 Kf7 43. Rd8 Rxd8 44. Rxd8 Ke6 45. c6 e4 46. fxe4 Kf6 47. Rd5
Re5 48. Rd7 Re7 49. Rxe7 Kxe7 50. Kf2 Kd6 51. Ke3 Ke5 52. Kd3 g5 53. g3 h5 54.
Ke3 h4 55. gxh4 gxh4 56. h3 Ke6 57. Kd4 Kd6 58. e5+ Kxc6 59. e6 Kd6 60. e7 c5+
61. bxc5+ Kxe7 62. c6 Kd6 63. c7 Kxc7 64. Kc5 b4 65. Kxb4 Kc6 66. Kc4 Kb6 67.
Kb4 Kc6 68. Kxa4 Kc5 69. Kb3 1/2-1/2

[Event "DRUZYNOWE MISTRZOSTWA POLSKI - II LIGA 2018"]
[Site "Jastrzebia Gora"]
[Date "1899-12-30"]
[Round "7.58"]
[White "Kubica, Kamil"]
[Black "Szmyd, Marek"]
[Result "1-0"]
[WhiteTitle "k"]
[BlackTitle "k"]
[WhiteElo "2153"]
[BlackElo "1921"]

1. d4 c5 2. d5 f5 3. c4 Nf6 4. Nc3 d6 5. Nf3 g6 6. g3 Bg7 7. Bg2 O-O 8. O-O e5
9. dxe6 Nc6 10. Bf4 Re8 11. Ng5 Nd4 12. Nf7 Qe7 13. Nxd6 Rd8 14. Nd5 Nxd5 15.
Nxc8 Raxc8 16. Bxd5 Nxe6 17. Bg5 Bf6 18. Bxf6 Qxf6 19. Qb3 b6 20. Qa3 Rc7 21.
Rad1 Rdd7 22. Qe3 Re7 23. Rd2 Kg7 24. Bxe6 Rxe6 25. Qf3 Rce7 26. Rfd1 Re4 27.
b3 Qe5 28. e3 Qc3 29. Rd7 Qf6 30. Rxe7+ Qxe7 31. Rd3 h5 32. Qd1 Qf6 33. Rd7+ Re7
34. h4 Kh6 35. Rd8 Qg7 36. Qd6 Kh7 37. a4 Qa1+ 38. Kg2 Qg7 39. a5 Rb7 40. a6 Rf7
41. Qd5 Kh6 42. Qa8 Qe5 43. Re8 Qa1 44. Rh8+ Kg7 45. Rg8+ Kh6 46. Qd8 Kh7 47.
Qe8 Qf6 48. Rh8+ Qxh8 49. Qxf7+ Kh6 50. Qxa7 f4 51. exf4 Qd4 52. Qb7 1-0

[Event "DRUZYNOWE MISTRZOSTWA POLSKI - II LIGA 2018"]
[Site "Jastrzebia Gora"]
[Date "1899-12-30"]
[Round "7.59"]
[White "Borowski, Przemyslaw"]
[Black "Rawski, Slawomir"]
[Result "1-0"]
[WhiteTitle "I"]
[BlackTitle "FM"]
[WhiteElo "1807"]
[BlackElo "2126"]

1. d4 f5 2. c4 Nf6 3. Nc3 g6 4. h4 d6 5. h5 Nxh5 6. Rxh5 gxh5 7. e4 Be6 8. Be2
Qd7 9. Bxh5+ Bf7 10. Bxf7+ Kxf7 11. Qh5+ Kg8 12. exf5 Bg7 13. Nf3 Nc6 14. Be3
Rf8 15. g4 Na5 16. Ng5 Nxc4 17. Ne6 Nxe3 18. Nxf8 Ng2+ 19. Kf1 Kxf8 20. Kxg2 Bxd4
21. Qh6+ Ke8 22. Re1 Kd8 23. Nd5 Be5 24. f4 Qc6 25. Qe6 Qc2+ 26. Kg3 Re8 27. fxe5
Qd2 28. exd6 cxd6 29. Nf6 Qd3+ 30. Re3 1-0

[Event "DRUZYNOWE MISTRZOSTWA POLSKI - II LIGA 2018"]
[Site "Jastrzebia Gora"]
[Date "1899-12-30"]
[Round "7.60"]
[White "Smarsz, Agata"]
[Black "Czaplewska, Klara"]
[Result "1/2-1/2"]
[WhiteTitle "m"]
[BlackTitle "k+"]
[WhiteElo "2109"]
[BlackElo "1873"]

1. d4 d5 2. c4 e6 3. Nf3 Nf6 4. Nc3 Be7 5. cxd5 exd5 6. Bg5 c6 7. e3 O-O 8. Bd3
h6 9. Bf4 Bg4 10. h3 Be6 11. Qc2 Nbd7 12. O-O Rc8 13. Rad1 c5 14. Qe2 cxd4 15.
Nxd4 Nc5 16. Bb1 Re8 17. Nxe6 Nxe6 18. Be5 Nc7 19. Qf3 Bd6 20. Bxf6 Qxf6 21. Qxf6
gxf6 22. Nxd5 Nxd5 23. Rxd5 Be5 24. b3 Red8 25. Be4 Rxd5 26. Bxd5 Rc2 27. a4 b6
28. g3 Ra2 29. Kg2 Ra1 30. Rxa1 Bxa1 31. Kf3 Bc3 32. g4 Kg7 33. Ke4 Kg6 34. f4
Bb4 35. h4 Be1 36. h5+ Kg7 37. Kf5 Bd2 38. e4 Be3 39. e5 fxe5 40. Kxe5 f6+ 41.
Ke4 Bd2 42. Kf5 Be3 43. Ke4 Bd2 44. Kf5 Be3 45. Ke4 1/2-1/2

[Event "DRUZYNOWE MISTRZOSTWA POLSKI - II LIGA 2018"]
[Site "Jastrzebia Gora"]
[Date "1899-12-30"]
[Round "7.61"]
[White "Zielinski, Przemyslaw"]
[Black "Sieciechowicz, Marcin"]
[Result "1/2-1/2"]
[WhiteTitle "m"]
[BlackTitle "IM"]
[WhiteElo "2299"]
[BlackElo "2425"]

1. e4 c5 2. Nc3 d6 3. Nge2 a6 4. g3 h5 5. h3 h4 6. g4 b5 7. Bg2 Bb7 8. d3 e5 9.
f4 Nf6 10. O-O Be7 11. Qe1 b4 12. Nd1 Nbd7 13. Ne3 g6 14. Nc4 Qc7 15. Qf2 Rh7
16. g5 Ng8 17. f5 gxf5 18. Qxf5 Rg7 19. a3 Nf8 20. axb4 cxb4 21. c3 Ne6 22. g6
Nf6 23. gxf7+ Kxf7 24. Kh2 Rag8 25. Bf3 Bc8 26. Bh5+ Kf8 27. Bh6 Nf4 28. Qg5 Ng4+
29. Qxg4 Bxg4 30. Nxf4 exf4 31. Rxf4+ Bf6 32. hxg4 Ke7 33. Ne3 Rg5 34. Nc4 R5g7
35. Bxg7 Rxg7 36. Raf1 d5 37. exd5 Be5 38. Re1 Bf6 1/2-1/2

[Event "DRUZYNOWE MISTRZOSTWA POLSKI - II LIGA 2018"]
[Site "Jastrzebia Gora"]
[Date "1899-12-30"]
[Round "7.62"]
[White "Grela, Kacper"]
[Black "Bednarczyk, Damian"]
[Result "1/2-1/2"]
[WhiteTitle "FM"]
[BlackTitle "k"]
[WhiteElo "2284"]
[BlackElo "2215"]

1. d4 Nf6 2. c4 e6 3. Nc3 Bb4 4. e3 c5 5. Bd3 Nc6 6. Nge2 Bxc3+ 7. bxc3 d6 8. O-O
e5 9. e4 O-O 10. d5 Ne7 11. f4 exf4 12. Nxf4 Ng4 13. Qf3 Ne5 14. Qg3 N7g6 15.
Nxg6 Nxg6 16. e5 Nxe5 17. Bh6 Bg4 18. Bf4 Nxd3 19. Qxd3 Qd7 20. Qg3 Be2 21. Bxd6
Rfe8 22. Be5 f6 23. Rxf6 Bxc4 24. Rd6 Qf7 25. Rf6 Qd7 26. Rd6 Qf7 27. Rf6 Qd7
1/2-1/2

[Event "DRUZYNOWE MISTRZOSTWA POLSKI - II LIGA 2018"]
[Site "Jastrzebia Gora"]
[Date "1899-12-30"]
[Round "7.63"]
[White "Lapczynski, Artur"]
[Black "Komendecki, Jacek"]
[Result "0-1"]
[WhiteTitle "I"]
[BlackTitle "k"]
[WhiteElo "2050"]
[BlackElo "2116"]

1. e4 c6 2. d4 d5 3. exd5 cxd5 4. Bd3 Nc6 5. c3 Qc7 6. Ne2 Bg4 7. f3 Bh5 8. Bf4
Qd7 9. Nd2 e6 10. Nb3 Bg6 11. O-O Bxd3 12. Qxd3 b6 13. a4 Bd6 14. a5 Rb8 15. Qd2
Nge7 16. axb6 axb6 17. Bxd6 Qxd6 18. Qg5 O-O 19. f4 Ra8 20. Rab1 Na5 21. Nd2 Nf5
22. Rf3 f6 23. Qh5 g6 24. Qh3 Nc4 25. Nxc4 dxc4 26. g4 Ne7 27. Qh4 Nd5 28. f5
exf5 29. gxf5 g5 30. Qh6 Rf7 31. Ng3 Re8 32. Nh5 Kh8 33. Rf2 b5 34. h4 Rg8 35.
Rg2 Ne3 36. Re2 Ng4 37. Re6 Qh2+ 0-1

[Event "DRUZYNOWE MISTRZOSTWA POLSKI - II LIGA 2018"]
[Site "Jastrzebia Gora"]
[Date "1899-12-30"]
[Round "7.64"]
[White "Kowalak, Piotr"]
[Black "Mirski, Michal"]
[Result "1-0"]
[WhiteTitle "k"]
[BlackTitle "I"]
[WhiteElo "2110"]
[BlackElo "1988"]

1. e4 c5 2. Nf3 Nc6 3. d4 cxd4 4. Nxd4 Nf6 5. Nc3 d6 6. Bg5 e6 7. Bb5 Bd7 8. Bxc6
bxc6 9. Qf3 h6 10. Bh4 g5 11. Bg3 e5 12. Nf5 g4 13. Qd3 Bxf5 14. exf5 h5 15. Bh4
d5 16. Qa6 Qd6 17. Bxf6 Qxf6 18. Nxd5 Qd6 19. Nc3 Bg7 20. h3 g3 21. O-O gxf2+
22. Rxf2 O-O 23. Qe2 h4 24. f6 Bh6 25. Qh5 Bf4 26. Qg4+ 1-0

[Event "DRUZYNOWE MISTRZOSTWA POLSKI - II LIGA 2018"]
[Site "Jastrzebia Gora"]
[Date "1899-12-30"]
[Round "7.65"]
[White "Wnek, Filip"]
[Black "Madera, Mateusz"]
[Result "1-0"]
[WhiteTitle "I"]
[BlackTitle "I+"]
[WhiteElo "1806"]
[BlackElo "1937"]

1. e4 c5 2. Nf3 e6 3. d4 cxd4 4. Nxd4 Nc6 5. Nb5 d6 6. c4 a6 7. N5a3 Nf6 8. Nc3
Be7 9. Be2 O-O 10. Be3 Bd7 11. O-O Ne5 12. f4 Ng6 13. Nc2 Bc6 14. Bf3 Nh4 15.
Kh1 Rc8 16. a4 Nxf3 17. Qxf3 Nxe4 18. Nxe4 f5 19. Nd4 Bxe4 20. Qe2 Rf6 21. Nf3
Rg6 22. Rg1 Qc7 23. Nd2 Bc6 24. b4 b6 25. Nb3 Bb7 26. Rac1 Bh4 27. Bf2 Qe7 28.
Nd4 Bxf2 29. Qxf2 d5 30. Nf3 Qxb4 31. cxd5 Rxc1 32. Rxc1 Qxf4 33. Qc2 h6 34. Qb2
Bxd5 35. Rc3 Qxa4 36. Qc1 b5 37. h3 Qf4 38. Qxf4 1-0

[Event "DRUZYNOWE MISTRZOSTWA POLSKI - II LIGA 2018"]
[Site "Jastrzebia Gora"]
[Date "1899-12-30"]
[Round "7.66"]
[White "Karykowska, Anna"]
[Black "Siwek, Kinga"]
[Result "1-0"]
[WhiteTitle "k"]
[BlackTitle "I+"]
[WhiteElo "1836"]
[BlackElo "1855"]

1. e4 c5 2. Nf3 d6 3. d4 cxd4 4. Nxd4 Nf6 5. Nc3 a6 6. Bc4 e6 7. Bb3 Be7 8. g4
b5 9. g5 Nfd7 10. Bxe6 Nb6 11. Bxc8 Qxc8 12. Nf5 Bf8 13. Qd4 N8d7 14. Bf4 Nc4
15. Nxg7+ Bxg7 16. Qxg7 Rf8 17. O-O-O Qc5 18. Qd4 Qxd4 19. Rxd4 Nce5 20. Rxd6
Ke7 21. Rhd1 Rfc8 22. R6d5 f6 23. gxf6+ Kxf6 24. Rxd7 Nxd7 25. Rxd7 Re8 26. Nd5+
Kg6 27. Rd6+ Kf7 28. Nc7 Rxe4 29. Nxa8 Rxf4 30. Rxa6 Rxf2 31. Rh6 Kg7 32. Rh3
Rf1+ 33. Kd2 Rf2+ 34. Kd3 Rf8 35. Nc7 Rd8+ 36. Ke2 Rb8 37. Rb3 Rc8 38. Rc3 Rb8
39. b4 Rb7 40. a3 Kf6 41. Rc5 Ra7 42. Nxb5 Re7+ 43. Kf2 Re4 44. c3 Rh4 45. Kg3
Re4 46. a4 Re3+ 47. Kf2 Rh3 48. Kg2 Rd3 49. a5 Rd2+ 50. Kg3 Rd3+ 51. Kh4 Rd2 52.
h3 Ra2 53. Nd4 Ra3 54. a6 Kf7 55. Rc7+ 1-0